Guess The Fnaf Mini Games! - Statistics

General Stats
  • This quiz has been taken 12 times
  • The average score is 20 of 56
Answer Stats
From Hint Answer % Correct
FNAF 2 Give Gifts, Give Life
100%
Pizzeria Simulator Midnight Motorist
80%
FNAF 2 SAVETHEM
80%
Pizzeria Simulator Playtest Ballpit Tower
60%
FNAF World Chica's Magic Rainbow
60%
FNAF World Foxy.EXE
60%
FNAF World Foxy Fighters
60%
FNAF 2 Foxy Go! Go! Go!
60%
Pizzeria Simulator Fruity Maze
60%
FNAF 3 Stage01
60%
Pizzeria Simulator Playtest Balloon Barrel
40%
Pizzeria Simulator Playtest Balloon Cart
40%
FNAF 3 BB's Air Adventure
40%
Pizzeria Simulator Playtest Candy Cadet
40%
Pizzeria Simulator Playtest Carnival Hoops
40%
FNAF World Add Minigame to the end Clock Minigame
40%
Pizzeria Simulator Playtest Deluxe Ball Pit
40%
Pizzeria Simulator Playtest Discount Ball Pit
40%
Pizzeria Simulator Playtest Duck Pond
40%
Pizzeria Simulator Playtest Fruit Punch Clown
40%
FNAF 4 DLC Fun with Nightmare Balloonboy
40%
FNAF 4 Fun with Plushtrap
40%
Pizzeria Simulator Playtest Gravity Vortex
40%
FNAF 3 Happiest Day
40%
Pizzeria Simulator Playtest Ladder Tower
40%
Pizzeria Simulator Playtest Lemonade Clown
40%
FNAF 3 Mangle's Quest
40%
Pizzeria Simulator Playtest Prize King
40%
Pizzeria Simulator Playtest Riding Rockets
40%
FNAF 2 Take Cake to the Children
40%
Security Breach Balloon World
20%
Security Breach Arcade game Chica's Feeding Frenzy
20%
FNAF 3 Chica's Party
20%
Sister Location Add Minigame to the end Circus Baby's Minigame
20%
AR: Special Delivery Circus Puzzles
20%
Into the Pit Arcade Game Collect the Hats
20%
Into the Pit Add Minigame to the end Count the Ways Minigame
20%
FNAF World DeeDee's Fishing Hole
20%
Into the Pit Arcade Game Deliver the Pizza
20%
Into the Pit Arcade Game Fast Food Invader
20%
FNAF World FNAF 57: Freddy In Space
20%
FNAF 3 Add Minigame to the end Glitch Minigame
20%
Into the Pit Grant Her Wish!
20%
Into the Pit Arcade Game Heftin' with Helpules
20%
Security Breach Monty Golf AR-Cade
20%
Into the Pit Pick Up Balloons
20%
Into the Pit Arcade Game Pizza Roller
20%
Pizzeria Simulator Add Minigame to the end Pizzeria Simulator Minigame
20%
AR: Special Delivery Remnant
20%
Into the Pit Arcade Game Rescue the Children
20%
Security Breach RUIN Add Ruin to the start of it Ruin Chica's Feeding Frenzy
20%
Security Breach RUIN Add Ruin to the start of it Ruin Monty Golf AR-Cade
20%
Pizzeria Simulator Add Minigame to the end Security Puppet's Minigame
20%
Into the Pit Arcade Game Shoot the Space Balloons
20%
Into the Pit Arcade Game Solve the Puzzle
20%
FNAF World Souldozer
20%
No matching quizzes found
Score Distribution
Percent of People with Each Score
Percentile by Number Answered
Your Score History
You have not taken this quiz